000 00999nas a2200325 4500
001 BR0601279
003 BR-BrBNA
005 20231205105918.0
007 ta
008 230509b bl.|||p| |||| 00| 00por d
040 _aBR-BrBNA
_bpor
_cBiblioteca Nacional de Agricultura
041 _a(Pt)
072 _aL02; Q52
100 1 _aHenrique, W.
100 1 _aLeme, P.R.
100 1 _aLanna, D.P.D.
100 1 _aAlleoni, G.F.
100 1 _aSampaio, A.A.M.
245 1 _aNíveis do subproduto concentrado da produção de lisina em dietas com alto concentrado para tourinhos Santa Gertrudes em terminação
650 _aGADO DE CORTE
650 _aCONFINAMENTO
650 _aDIETA
650 _aCARCAÇA
650 _aPROTEÍNA BRUTA
650 _aMILHO
650 _aSILAGEM
773 0 _tRevista Brasileira de Zootecnia (Brazil)
_xISSN 1516-3598
_g(Nov-Dec 2005), v. 34(6)suplemento p. 2457-2465
_wBR0601279
909 _a202311
_bLúcia
_c55
_dLúcia Elande
942 _2AGRIS
_n0
_cANA
999 _c185322
_d185322